000 00538nam a2200193Ia 4500
005 20260120132116.0
008 008 260114s9999 xx 000 0 eng d
020 _a9780197718872
037 _aEBOOK
040 _aCRL
_beng
_cCRL
041 _aeng
_2eng
084 _qCRL
100 _aLaycock
_9935036
245 4 _aThe Death of the Irreparable Injury Rule
260 _bOxford University PressOxford University Press
_c2023
856 _uhttps://academic.oup.com/book/50583
942 _cEBOOK
999 _c1526959
_d1526959